Countries of the world in 6 minutes - Statistics

General Stats
  • This quiz has been taken 24 times
    13 since last reset
  • The average score is 107 of 196
Answers on the Map
Answers color-coded by a green-red scale on the quiz's map according to % correct below.
 
Answer Stats
hint % Correct
Antigua and Barbuda
100%
Bahamas
100%
Barbados
100%
Belize
100%
Canada
100%
Costa Rica
100%
Cuba
100%
Dominica
100%
Dominican Republic
100%
El Salvador
100%
Guatemala
100%
Haiti
100%
Honduras
100%
Iceland
100%
Jamaica
100%
Mexico
100%
Nicaragua
100%
Panama
100%
Saint Kitts and Nevis
100%
Saint Lucia
100%
Saint Vincent and the Grenadines
100%
United States
100%
Afghanistan
50%
Albania
50%
Algeria
50%
Andorra
50%
Angola
50%
Argentina
50%
Armenia
50%
Australia
50%
Austria
50%
Azerbaijan
50%
Bahrain
50%
Bangladesh
50%
Belarus
50%
Belgium
50%
Benin
50%
Bhutan
50%
Bolivia
50%
Bosnia and Herzegovina
50%
Botswana
50%
Brazil
50%
Brunei
50%
Bulgaria
50%
Burkina Faso
50%
Burundi
50%
Cambodia
50%
Cameroon
50%
Cape Verde
50%
Central African Republic
50%
Chad
50%
Chile
50%
China
50%
Colombia
50%
Comoros
50%
Croatia
50%
Cyprus
50%
Czech Republic
50%
Democratic Republic of the Congo
50%
Denmark
50%
Djibouti
50%
Ecuador
50%
Egypt
50%
Equatorial Guinea
50%
Eritrea
50%
Estonia
50%
Eswatini
50%
Ethiopia
50%
Federated States of Micronesia
50%
Fiji
50%
Finland
50%
France
50%
Gabon
50%
Gambia
50%
Georgia
50%
Germany
50%
Ghana
50%
Greece
50%
Grenada
50%
Guinea
50%
Guinea-Bissau
50%
Guyana
50%
Hungary
50%
India
50%
Indonesia
50%
Iran
50%
Iraq
50%
Ireland
50%
Israel
50%
Italy
50%
Ivory Coast
50%
Japan
50%
Jordan
50%
Kazakhstan
50%
Kenya
50%
Kiribati
50%
Kosovo
50%
Kuwait
50%
Kyrgyzstan
50%
Laos
50%
Latvia
50%
Lebanon
50%
Lesotho
50%
Liberia
50%
Libya
50%
Liechtenstein
50%
Lithuania
50%
Luxembourg
50%
Madagascar
50%
Malawi
50%
Malaysia
50%
Maldives
50%
Mali
50%
Malta
50%
Marshall Islands
50%
Mauritania
50%
Mauritius
50%
Moldova
50%
Monaco
50%
Mongolia
50%
Montenegro
50%
Morocco
50%
Mozambique
50%
Myanmar
50%
Namibia
50%
Nauru
50%
Nepal
50%
Netherlands
50%
New Zealand
50%
Niger
50%
Nigeria
50%
North Korea
50%
North Macedonia
50%
Norway
50%
Oman
50%
Pakistan
50%
Palau
50%
Papua New Guinea
50%
Paraguay
50%
Peru
50%
Philippines
50%
Poland
50%
Portugal
50%
Qatar
50%
Republic of the Congo
50%
Romania
50%
Russia
50%
Rwanda
50%
San Marino
50%
São Tomé and Príncipe
50%
Saudi Arabia
50%
Senegal
50%
Serbia
50%
Seychelles
50%
Sierra Leone
50%
Singapore
50%
Slovakia
50%
Slovenia
50%
Solomon Islands
50%
Somalia
50%
South Africa
50%
South Korea
50%
South Sudan
50%
Spain
50%
Sri Lanka
50%
Sudan
50%
Suriname
50%
Sweden
50%
Switzerland
50%
Syria
50%
Taiwan
50%
Tajikistan
50%
Tanzania
50%
Thailand
50%
Togo
50%
Trinidad and Tobago
50%
Tunisia
50%
Turkey
50%
Turkmenistan
50%
Tuvalu
50%
Uganda
50%
Ukraine
50%
United Arab Emirates
50%
United Kingdom
50%
Uruguay
50%
Uzbekistan
50%
Vatican City
50%
Venezuela
50%
Vietnam
50%
Yemen
50%
Zambia
50%
Zimbabwe
50%
East Timor
0%
Samoa
0%
Tonga
0%
Vanuatu
0%
No matching quizzes found
Score Distribution
Percent of People with Each Score
Percentile by Number Answered
Your Score History
You have not taken this quiz since the last reset